000 02390nam a2200433 i 4500
001 ebr10898081
003 CaPaEBR
006 m o d
007 cr cn|||||||||
008 140808t20142014ne a ob 001 0 eng d
020 _z9781614993902
020 _a9781614993919 (e-book)
040 _aCaPaEBR
_beng
_erda
_epn
_cCaPaEBR
035 _a(OCoLC)883665971
050 1 4 _aTK5105.59
_b.E936 2014eb
082 0 4 _a005.8
_223
245 0 0 _aExamining robustness and vulnerability of networked systems /
_cedited by Sergiy Butenko, Eduardo L. Pasiliao and Volodymyr Shylo.
264 1 _aAmsterdam, Netherlands ;
_aFairfax, Virginia :
_bIOS Press,
_c2014.
264 4 _c�2014
300 _a1 online resource (320 pages) :
_billustrations, tables.
336 _atext
_2rdacontent
337 _acomputer
_2rdamedia
338 _aonline resource
_2rdacarrier
490 1 _aNATO Science for Peace and Security Series - D: Information and Communication Security,
_x1879-8292 ;
_vVolume 37
500 _a"The NATO Advanced Research Workshop on "Examining RoKi bustness and Vulnerability of Critical Infrastructure Networks" was held in Kyiv, e v, Ukraine on June 3-5, 2013."
504 _aIncludes bibliographical references at the end of each chapters and indexes.
588 _aDescription based on print version record.
590 _aElectronic reproduction. Palo Alto, Calif. : ebrary, 2014. Available via World Wide Web. Access may be limited to ebrary affiliated libraries.
650 0 _aComputer networks
_xSecurity measures
_vCongresses.
650 0 _aComputer networks
_xMathematical models
_vCongresses.
655 0 _aElectronic books.
700 1 _aButenko, Sergiy,
_eeditor.
700 1 _aPasiliao, Eduardo L.,
_eeditor.
700 1 _aShylo, Volodymyr,
_eeditor.
776 0 8 _iPrint version:
_tExamining robustness and vulnerability of networked systems.
_dAmsterdam, Netherlands ; Fairfax, Virginia : IOS Press, c2014
_hviii, 309 pages
_kNATO science for peace and security series. Sub-series D, Information and communication security ; Volume 37.
_x1879-8292
_z9781614993902
_w2014937624
797 2 _aebrary.
830 0 _aNATO science for peace and security series.
_nSub-series D,
_pInformation and communication security.
856 4 0 _uhttp://site.ebrary.com/lib/rucke/Doc?id=10898081
_zAn electronic book accessible through the World Wide Web; click to view
999 _c54462
_d54462